[Event "AUT-ch U12 Girls"]
[Site "St Veit"]
[Date "2016.05.16"]
[Round "6"]
[White "Wolf, Elena"]
[Black "Kueng, Lea"]
[Result "0-1"]
[WhiteElo "800"]
[BlackElo "1108"]
[PlyCount "78"]
[EventDate "2016.05.14"]
[EventType "swiss"]
[EventRounds "7"]
[EventCountry "AUT"]
[SourceTitle "CBM 172 Extra"]
[Source "ChessBase"]
[SourceDate "2016.06.21"]
[SourceVersion "1"]
[SourceVersionDate "2016.06.21"]
[SourceQuality "1"]

1. e4 e5 2. Nf3 Nc6 3. Nc3 Nf6 4. Bb5 Bc5 5. Bxc6 dxc6 6. Nxe5 0-0 7. 0-0 Qe8 8. Nf3 Nxe4 9. Nxe4 Qxe4 10. Re1 Qg6 11. d3 f6 12. Re2 Bg4 13. Re4 Bf5 14. Nh4 Qf7 15. Nxf5 Qd7 16. Rf4 Rfe8 17. h3 Re6 18. Qg4 Bf8 19. Be3 Rd8 20. Bc5 Bxc5 21. Nh6+ Kf8 22. Nf5 Qf7 23. Nd4 Re5 24. Nxc6 bxc6 25. c3 Bd6 26. d4 Re6 27. h4 Rde8 28. c4 Bxf4 29. Qxf4 Re4 30. Qd2 Kg8 31. d5 cxd5 32. cxd5 Rd8 33. Qa5 Rxh4 34. g3 Rh5 35. g4 Rhxd5 36. Qxa7 Qg6 37. Qxc7 Qxg4+ 38. Kf1 Rd1+ 39. Rxd1 Rxd1# 0-1

[Event "AUT-ch U12 Girls"]
[Site "St Veit"]
[Date "2016.05.15"]
[Round "3"]
[White "Kueng, Lea"]
[Black "Katter, Marlene"]
[Result "0-1"]
[WhiteElo "1108"]
[BlackElo "1235"]
[PlyCount "54"]
[EventDate "2016.05.14"]
[EventType "swiss"]
[EventRounds "7"]
[EventCountry "AUT"]
[SourceTitle "CBM 172 Extra"]
[Source "ChessBase"]
[SourceDate "2016.06.21"]
[SourceVersion "1"]
[SourceVersionDate "2016.06.21"]
[SourceQuality "1"]

1. e4 e6 2. d4 d5 3. Nc3 dxe4 4. Nxe4 Nd7 5. Nf3 Ngf6 6. Bg5 Be7 7. Bc4 Nxe4 8. Bf4 Nd6 9. Bd3 0-0 10. 0-0 b6 11. Ne5 Nxe5 12. Bxe5 Bf6 13. f4 Nf5 14. Qh5 h6 15. Rf3 Bb7 16. Rf2 Nxd4 17. Rd1 Bxe5 18. fxe5 Qg5 19. Qh3 Qxe5 20. c3 Nc6 21. Bc2 Rad8 22. Rfd2 Rxd2 23. Qf3 Rxd1+ 24. Qxd1 Qc5+ 25. Kh1 Qd5 26. Qf3 Qxf3 27. gxf3 Rd8 0-1

[Event "AUT-ch U10 Girls"]
[Site "Linz"]
[Date "2013.06.01"]
[Round "4"]
[White "Kueng, Lea"]
[Black "Nussbaumer, Alexa"]
[Result "0-1"]
[WhiteElo "1040"]
[BlackElo "1227"]
[PlyCount "54"]
[EventDate "2013.05.31"]
[EventType "swiss"]
[EventRounds "7"]
[EventCountry "AUT"]
[SourceTitle "EXT 2015"]
[Source "ChessBase"]
[SourceDate "2014.11.20"]
[SourceVersion "1"]
[SourceVersionDate "2014.11.20"]
[SourceQuality "1"]

1. e4 e5 2. Nf3 Nc6 3. Bc4 Nf6 4. Ng5 d5 5. exd5 Nxd5 6. d3 Bc5 7. 0-0 h6 8. Nf3 0-0 9. Qe1 Re8 10. Nc3 Ndb4 11. Qe2 Bg4 12. a3 Nd4 13. Qd1 Bxf3 14. gxf3 Nbc6 15. f4 Qf6 16. fxe5 Nxe5 17. Ne4 Nef3+ 18. Kh1 Qh4 19. Qxf3 Nxf3 20. Bf4 Qxf4 21. Ng3 Qh4 22. Kg2 Nxh2 23. Rh1 Qf6 24. Rxh2 Qxf2+ 25. Kh3 Qf3 26. d4 Re3 27. Rg2 Qh5# 0-1

[Event "AUT-ch U08 Girls"]
[Site "Schladming"]
[Date "2012.06.08"]
[Round "3.1"]
[White "Dodu, Crina Karina"]
[Black "Kueng, Lea"]
[Result "1-0"]
[WhiteElo "1025"]
[BlackElo "971"]
[PlyCount "49"]
[EventDate "2012.06.08"]
[EventType "swiss"]
[EventRounds "7"]
[EventCountry "AUT"]
[SourceTitle "EXT 2024"]
[Source "ChessBase"]
[SourceDate "2023.10.10"]
[SourceVersion "1"]
[SourceVersionDate "2023.10.10"]
[SourceQuality "1"]

1. e4 c6 2. d4 d5 3. Nc3 Nf6 4. Bd3 Bg4 5. Nf3 e6 6. e5 c5 7. exf6 cxd4 8. fxg7 Bxg7 9. Ne2 0-0 10. Ng3 Qa5+ 11. Bd2 e5 12. Bxa5 e4 13. Bb5 a6 14. Ba4 b5 15. Bb4 Re8 16. Ne2 d3 17. cxd3 Bxb2 18. Rb1 a5 19. Bd2 Be5 20. Rxb5 Nd7 21. Rb7 Nf8 22. Qb3 Ng6 23. Qxd5 Nh4 24. Qxf7+ Kh8 25. Qxh7# 1-0